000 00297nam a22001337a 4500
008 170128b xxu||||| |||| 00| 0 eng d
020 _a9780697253811
041 _aeng
080 _a61
100 _a3
101 _aSHM
245 _aHOLE'S HUMAN ANATOMY & PHYSIOLOGY
_cSHIER, D
942 _2udc
_cBK
999 _c3932
_d3932